000 00759nam a2200217 a 4500
001 000036889
003 DO-SdBNP
005 20250701104718.0
008 120203s1988 sp a 000 0 spa d
040 _aDO-SdBNP
_bspa
_cBNPHU
100 1 _aSan Martín F., Hernán
_963270
245 1 0 _aSalud comunitaria :
_bteoría y práctica /
_cHernán San Martín F. con la colaboración de Vicente Pastor y Aldeguer.
250 _a2a. ed., corr. y ampl.
260 _aMadrid :
_bEdiciones Díaz de Santos,
_c1988.
300 _a376 p. :
_bil. ;
_c23 cm.
650 0 _aSalud pública
_956565
650 2 4 _aServicios de salud comunitaria
_963271
650 2 4 _aTrabajadores de salud
_963272
700 1 _aPastor y Aldeguer, Vicente,
_ecolab.
_963273
942 _2ddc
_cLBS1
999 _c36380
_d36380